Manul of clinical Laboratory Immunology (Record no. 291265)

MARC details
000 -LEADER
fixed length control field 00410pam a2200145a 44500
008 - FIXED-LENGTH DATA ELEMENTS--GENERAL INFORMATION
fixed length control field 230405s2002 xxu||||| |||| 00| 0 eng d
041 ## - LANGUAGE CODE
Language code of text/sound track or separate title ENG
100 ## - MAIN ENTRY--PERSONAL NAME
Personal name Rose Noel R
245 ## - TITLE STATEMENT
Title Manul of clinical Laboratory Immunology
260 ## - PUBLICATION, DISTRIBUTION, ETC.
Place of publication, distribution, etc.
Name of publisher, distributor, etc. ASM Press American Societey for Microbiology 175 2N street N.W Wishington
Date of publication, distribution, etc. 2002
300 ## - PHYSICAL DESCRIPTION
Extent 1322
700 ## - ADDED ENTRY--PERSONAL NAME
Personal name Detrick Barbara
700 ## - ADDED ENTRY--PERSONAL NAME
Personal name RohertG
906 ## - LOCAL DATA ELEMENT F, LDF (RLIN)
a 2387
Holdings
Withdrawn status Lost status Damaged status Not for loan Collection Home library Current library Date acquired Source of acquisition Cost, normal purchase price Total Checkouts Barcode Date last seen Price effective from Koha item type
          Loknete Mohanrao Kadam College of Agriculture, Kadegaon, Sangli Loknete Mohanrao Kadam College of Agriculture, Kadegaon, Sangli 17/04/2023 BHARATI MADYHAVARTI SAHAKARI GRAHAK BHANDAR LTD.PUNE 13709.00   AGK-SWDH-1 17/04/2023 17/04/2023 Book